Tabela Ekstraklasy 2025/26 na koniec sezonu - Statystyki

Ogólne statystyki
  • Ten quiz został rozwiązany 18 razy
  • Średni wynik to 17 z 18
Statystyki odpowiedzi
Nr Klub Punkty % Poprawnych
18. Bruk-Bet Termalica Nieciecza 34
100%
5. GKS Katowice 50
100%
2. Górnik Zabrze 56
100%
3. Jagiellonia Białystok 56
100%
1. Lech Poznań 60
100%
6. Legia Warszawa 49
100%
4. Raków Częstochowa 55
100%
17. Arka Gdynia 36
94%
16. Lechia Gdańsk 38
94%
9. Pogoń Szczecin 45
94%
14. Widzew Łódź 42
94%
7. Zagłębie Lubin 48
94%
13. Cracovia 42
88%
15. Piast Gliwice 41
88%
10. Radomiak Radom 44
88%
12. Motor Lublin 43
81%
8. Wisła Płock 46
81%
11. Korona Kielce 43
75%
Nie znaleziono quizów pasujących do podanych kryteriów
Rozkład punktacji
Procent ludzi z każdym wynikiem
Percentyl według liczby udzielonych odpowiedzi
Twoja historia wyników
Nie rozwiązałeś tego quizu